header

Gates of freedom (Record no. 194299)

MARC details
000 -LEADER
fixed length control field 01758nam a22004094a 4500
082 04 - DEWEY DECIMAL CLASSIFICATION NUMBER
Classification number 335/.83/092
-- B
100 1# - MAIN ENTRY--AUTHOR NAME
Personal name DeLamotte, Eugenia C.
245 10 - TITLE STATEMENT
Title Gates of freedom
260 ## - PUBLICATION, DISTRIBUTION, ETC. (IMPRINT)
Place of publication Ann Arbor :
Name of publisher University of Michigan Press,
Year of publication [2004]
300 ## - PHYSICAL DESCRIPTION
Number of Pages x, 334 p. :
Other physical details ill.
650 #0 - SUBJECT ADDED ENTRY--TOPICAL TERM
Topical Term Women anarchists
Topical Term Women and literature
Topical Term Feminists
Topical Term Women authors, American
Topical Term Anarchism
Topical Term Feminism and literature
700 1# - ADDED ENTRY--PERSONAL NAME
Personal name De Cleyre, Voltairine,
856 40 - ELECTRONIC LOCATION AND ACCESS
Uniform Resource Identifier http://site.ebrary.com/lib/rucke/Doc?id=10371934

No items available.

© 2026 Rongo University
Contact us: librarian | system librarian | Rongo university